| 000 | 00668nam a2200217 c 4500 | ||
|---|---|---|---|
| 999 |
_c7431 _d7431 |
||
| 003 | OSt | ||
| 005 | 20211124113601.0 | ||
| 007 | ta | ||
| 008 | 150129s2015 sp a 001 0 spa d | ||
| 020 | _a9788416001323 | ||
| 040 |
_aUAL. _bspa. _cCDMR _erdc |
||
| 100 | 1 | _aArce, Alberto | |
| 245 | 1 | 0 |
_aNovato en nota roja : _bcorresponsal en Tegucigalpa / _cAlberto Arce ; [ilustraciones Germán Andino] |
| 260 |
_aMadrid : _bLibros del K.O., _c2015 |
||
| 300 |
_a212 pàgines : _bil |
||
| 600 | 1 | 4 | _aArce, Alberto |
| 650 | 0 |
_aReportatges literaris _9797 |
|
| 650 | 0 |
_aViolència _94730 _zHondures _xRelats personals |
|
| 700 |
_aAndino, Germán _94728 |
||
| 942 |
_2udc _cMON |
||